000 00665nam a2200205Ii 4500
001 8480
003 CO-ViMGA
008 241108s9999||||xx |||||||||||||| ||und||
040 _aCO-ViMGA
_bspa
_erda
_cCO-ViMGA
041 0 _aspa
082 0 4 _a986.156 C965
100 1 _aOmar Noe Cuenca E.
_950934
245 1 0 _aVida, pasión y muerte del puente Guillermo León Valencia
264 1 _aBogotá, Colombia : [Editorial no identificada], [Fecha de publicación no identificada]
300 _avolumen
336 _atext
_btxt
_2rdacontent
337 _aunmediated
_bn
_2rdamedia
338 _avolume
_bnc
_2rdacarrier
940 _aidficha_siabuc: 8285. -- ficha_no_siabuc:8480
999 _c45633
_d45633